03242nam a2200529Ia 45000010005000000080041000050100009000460410014000550820023000692450164000922600018002563000008002745200007002826300012002896300016003016300014003176500024003316900024003557000039003797000033004189010042004519020006004939030047004999040018005469050039005649060006006039070014006099080014006239090051006379100015006889110010007039120014007139130009007279140024007369150019007609160009007799170009007889180014007979190024008115201818008359210007026539220007026609230006026679240014026739420010026879990015026974048241029s9999 xx 000 0 und d a3800 aEspañol aUCSD MDU 0096 2014 0aMétodo de Enseñanza Juan Pablo II, nueva formación para la enseñanza de la Fe, en las asignaturas Teológicas para Laicos, en la Educación Superior aSanto Domingo a110 a50 aAportes aEnseñanza aMétodos aGestión Educativa aCopiado sin cambios easesoraContreras , José Alberto eautoraPepen Tejeda , Teresa a{"1":"Pepen Tejeda "}b{"1":"Teresa"} a1 a{"1":"Contreras "}b{"1":"José Alberto"} aMaestría en aDocencia y Gestión Universitaria a2 aNO APLICA aNO APLICA aUniversidad Católica de Santo Domingo (UCSD) aNULLbNULL a["1"] aNO APLICA aNULL a01 de Junio de 2014 a01/07/15 08:07 aNULL aNULL aNO APLICA a["214","202","213"] aNormal 0 21 false false false ES X-NONE X-NONE /* Style Definitions */ table.MsoNormalTable{mso-style-name:"Tabla normal";mso-tstyle-rowband-size:0;mso-tstyle-colband-size:0;mso-style-noshow:yes;mso-style-priority:99;mso-style-qformat:yes;mso-style-parent:";mso-padding-alt:0cm 5.4pt 0cm 5.4pt;mso-para-margin-top:0cm;mso-para-margin-right:0cm;mso-para-margin-bottom:10.0pt;mso-para-margin-left:0cm;line-height:115%;mso-pagination:widow-orphan;font-size:11.0pt;font-family:"Calibri","sans-serif";mso-ascii-font-family:Calibri;mso-ascii-theme-font:minor-latin;mso-fareast-font-family:"Times New Roman";mso-fareast-theme-font:minor-fareast;mso-hansi-font-family:Calibri;mso-hansi-theme-font:minor-latin;mso-bidi-font-family:"Times New Roman";mso-bidi-theme-font:minor-bidi;}Este trabajo se orienta a presentar un nuevo método para las asignaturas de Teologías para Laicos, impartidas  en Centros Católicos de Educación Superior, proporcionando un nuevo modelo de enseñanza, fundamentado en la pedagogía y filosofía del pontificado de su santidad Juan Pablo II. El estudio descriptivo, se centró en descubrir la efectividad o no efectividad del método usado en la actualidad, en base de los frutos esperados.Los resultados del estudio, reflejan el análisis de la impartición actual de contenidos, dentro del uso del nuevo método propuesto, así como la aplicabilidad del mismo y la interacción con la realidad y época. a12 a12 a0 aNO APLICA cTesis c3800d3800